[Event "Open Ricany 2011"]
[Site "http://www.openricany.cz"]
[Date "2011.08.26"]
[Round "8.51"]
[White "Maly, Dusan"]
[Black "Kucera, Josef"]
[Result "1/2-1/2"]
[WhiteElo "1809"]
[BlackElo "1852"]

1. e4 g6 2. d4 Bg7 3. Nf3 d6 4. Nc3 c6 5. Be3 Nf6 6. h3 Nbd7 7. Bd3 e5 8. Qd2
O-O 9. Bh6 Qb6 10. Bxg7 Kxg7 11. dxe5 dxe5 12. O-O Qxb2 13. Rab1 Qa3 14. Rb3 Qd6
15. Ne2 Nc5 16. Ng3 Nxb3 17. axb3 Rd8 18. Nh4 h6 19. Qe3 a5 20. Rd1 a4 21. bxa4
Rxa4 22. Kh1 c5 23. Rb1 Qc7 24. Rf1 c4 25. Be2 Qa5 26. f4 Ra1 27. Bxc4 Rxf1+
28. Bxf1 Qd2 29. Qxd2 Rxd2 30. fxe5 Ng8 31. Bd3 Ne7 32. Kg1 Nc6 33. Nf3 Rd1+
34. Nf1 Nb4 35. Be2 Rc1 36. c4 Be6 37. Nd2 Nc6 38. Kf2 Nxe5 39. Ne3 f5 40. exf5
gxf5 41. g3 Kf8 42. Bf1 Rc3 43. h4 Ke8 44. Be2 Ra3 45. Bd1 Ra2 46. Ke1 Kd7
47. Bh5 Kd6 48. Be8 Ra1+ 49. Ke2 Ra2 50. Kd1 Kc5 51. Bb5 Kd4 52. Nc2+ Rxc2
53. Kxc2 Nxc4 54. Be8 Ne3+ 55. Kc1 Ng2 56. Bh5 Ke3 57. Nf3 Kf2 58. Nd4 Bd7
59. Bg6 Ne3 60. Kd2 Nf1+ 61. Kd3 Nxg3 62. Kc4 f4 63. Kd3 Kg2 64. Bf7 Kh3 65. h5
b6 66. Ne6 Kg4 67. Nd4 Nxh5 68. Ke2 Ng3+ 69. Kf2 h5 70. Bd5 Nf5 71. Bf3+ Kg5
72. Ne2 Nh4 73. Bxh5 Kxh5 74. Nxf4+ Kh6 75. Ke2 Bb5+ 76. Kd2 Bc4 77. Kc3 Bf1
78. Nd5 b5 79. Nc7 Nf5 80. Nxb5 Bxb5 81. Kb4 Be8 82. Kc4 Kg6 83. Kc5 Kf6 84. Kc4
Bc6 85. Kd3 Ke5 86. Kc4 Be4 87. Kc5 Nd6 88. Kb4 Kd4 89. Ka5 Kc5 90. Ka4 Bd5
91. Ka3 1/2-1/2

[Event "Open Ricany 2011"]
[Site "http://www.openricany.cz"]
[Date "2011.08.26"]
[Round "8.23"]
[White "Svitak David"]
[Black "Marikova Jana"]
[Result "1-0"]
[WhiteElo "2015"]
[BlackElo "1897"]

1. e4 c5 2. Nf3 d6 3. d4 cxd4 4. Nxd4 Nf6 5. Nc3 a6 6. Bg5 e6 7. f4 Be7 8. Qf3
Qc7 9. O-O-O Nbd7 10. Bd3 b5 11. Rhe1 O-O 12. e5 dxe5 13. Nc6 Bc5 14. fxe5 Nd5
15. Nxd5 exd5 16. Ne7+ Bxe7 17. Bxe7 Re8 18. Bd6 Qc6 19. Rf1 Nf6 20. exf6 Qxd6
21. Bxh7+ Kxh7 22. Qh5+ Kg8 23. fxg7 1-0

[Event "Open Ricany 2011"]
[Site "http://www.openricany.cz"]
[Date "2011.08.26"]
[Round "8.54"]
[White "Bocek Lukas"]
[Black "Paulovic Milan"]
[Result "0-1"]
[WhiteElo "1702"]
[BlackElo "1933"]

1. e4 d5 2. exd5 Qxd5 3. Nc3 Qd6 4. d4 Nf6 5. Nf3 c6 6. Be2 Bf5 7. g3 Qd8
8. Bf4 e6 9. h3 Bb4 10. g4 Bg6 11. Ne5 Nd5 12. Bd2 Qb6 13. Nxg6 hxg6 14. a3 Bd6
15. Nxd5 cxd5 16. Bc1 Nc6 17. c3 Qc7 18. Qd2 O-O-O 19. f4 Rh4 20. b4 Rdh8
21. Bf1 Rxg4 22. hxg4 Rxh1 23. Qg2 Rh7 24. Qf3 f5 25. Qe3 Qe7 26. g5 Nd8 27. Bd2
Qc7 28. Rc1 Rh4 29. c4 Bxf4 30. Qe2 Bxd2+ 31. Qxd2 Qg3+ 32. Qf2 Re4+ 33. Be2
Qxa3 34. Kd1 Qa4+ 35. Rc2 Qa1+ 0-1

[Event "Open Ricany 2011"]
[Site "http://www.openricany.cz"]
[Date "2011.08.26"]
[Round "8.41"]
[White "Paukert Jan"]
[Black "Cerny Michal"]
[Result "1-0"]
[WhiteElo "1911"]
[BlackElo "1806"]

1. d4 Nf6 2. Nf3 c5 3. d5 b5 4. e4 Nxe4 5. Nbd2 Nxd2 6. Bxd2 a6 7. c4 b4 8. Bd3
d6 9. Qe2 g6 10. Bg5 Bg7 11. O-O Nd7 12. Rae1 Ne5 13. Nxe5 Bxe5 14. f4 Bd4+
15. Kh1 Ra7 16. f5 Be5 17. Qf3 O-O 18. Bh6 Bg7 19. Bxg7 Kxg7 20. Re3 e5 21. f6+
Kh8 22. Qg3 Rg8 23. Qh4 h5 24. Qg5 Qf8 25. Rff3 1-0

[Event "Open Ricany 2011"]
[Site "http://www.openricany.cz"]
[Date "2011.08.26"]
[Round "8.24"]
[White "Cap Adam"]
[Black "Pavlicek Petr"]
[Result "1-0"]
[WhiteElo "1934"]
[BlackElo "2013"]

1. e4 e5 2. Nf3 Nc6 3. Bb5 a6 4. Ba4 Nge7 5. O-O g6 6. c3 Bg7 7. d4 exd4
8. cxd4 O-O 9. d5 b5 10. Bb3 Na5 11. Nc3 Nxb3 12. Qxb3 d6 13. Be3 Bd7 14. Bd4 f6
15. a4 Qe8 16. Rfc1 Bh6 17. Rc2 Qf7 18. Qa3 Rab8 19. axb5 axb5 20. Qa7 Rfc8
21. Ne2 Qe8 22. Rxc7 Rxc7 23. Qxc7 Nxd5 24. exd5 Rc8 25. Qxd6 Qxe2 26. Qxd7 Rc1+
27. Rxc1 Bxc1 1-0

[Event "Open Ricany 2011"]
[Site "http://www.openricany.cz"]
[Date "2011.08.26"]
[Round "8.40"]
[White "Pilnz Jiri"]
[Black "Havelka Petr"]
[Result "1-0"]
[WhiteElo "1723"]
[BlackElo "1915"]

1. d4 d5 2. Nf3 Nf6 3. Bf4 Bf5 4. e3 e6 5. Ne5 Nbd7 6. g4 Be4 7. f3 Bg6 8. h4
h5 9. Nxg6 fxg6 10. Bd3 Kf7 11. c3 Be7 12. g5 Ne8 13. Qc2 Nf8 14. Be5 Nd6
15. Bxd6 Qxd6 16. f4 c5 17. b3 Qc6 18. Nd2 b5 19. Nf3 Bd6 20. Ne5+ Bxe5 21. fxe5
Nd7 22. Bxg6+ Ke7 23. O-O Raf8 24. Qe2 cxd4 25. cxd4 Qc3 26. Rfc1 Qa5 27. a4 b4
28. Rc6 Rc8 29. Rac1 Rxc6 30. Rxc6 Nf8 31. Qc2 Kd7 32. Rd6+ Ke7 33. Qc6 Qb6
34. Qe8# 1-0

[Event "Open Ricany 2011"]
[Site "http://www.openricany.cz"]
[Date "2011.08.26"]
[Round "8.5"]
[White "Volodymyr Liuba"]
[Black "Vojta Pavel"]
[Result "1/2-1/2"]
[WhiteElo "2116"]
[BlackElo "2175"]

1. e4 g6 2. d4 Bg7 3. Nc3 c6 4. f4 d5 5. e5 Nh6 6. Nf3 O-O 7. Be3 b5 8. Qd2 a5
9. O-O-O a4 10. h3 f5 11. Ng5 Nf7 12. h4 Nxg5 13. hxg5 e6 14. g4 Rf7 15. Bd3 Qe7
16. gxf5 exf5 17. Qh2 Bh8 18. Ne2 Nd7 19. Bd2 a3 20. b3 Rb8 21. Ng3 1/2-1/2

[Event "Open Ricany 2011"]
[Site "http://www.openricany.cz"]
[Date "2011.08.26"]
[Round "8.25"]
[White "Framberk,Jan"]
[Black "Starek, Stanislav"]
[Result "0-1"]
[WhiteElo "2062"]
[BlackElo "1912"]

1. e4 e6 2. d3 d5 3. Nd2 e5 4. Ngf3 Nc6 5. g3 Nf6 6. Bg2 dxe4 7. dxe4 Be6
8. O-O Qd7 9. Re1 O-O-O 10. Qe2 Bc5 11. Nf1 Bg4 12. c3 h5 13. Be3 Nxe4 14. Qc4
Bxe3 15. Qxe4 Bxf3 16. Bxf3 Bb6 17. Rad1 Qe6 18. Ne3 g6 19. Nd5 f5 20. Qc4 Rhe8
21. Nxb6+ axb6 22. Bd5 Qf6 23. Qa4 Kb8 24. b4 e4 25. Bxc6 Qxc6 26. Qb3 Rd3
27. Re3 Red8 28. Rde1 b5 29. h4 Qf6 30. Kg2 f4 31. Rxe4 fxg3 32. f4 Qxh4
33. R4e3 Qh2+ 34. Kf3 Qf2+ 35. Ke4 Rxe3+ 36. Rxe3 Re8+ 0-1

[Event "Open Ricany 2011"]
[Site "http://www.openricany.cz"]
[Date "2011.08.26"]
[Round "8.22"]
[White "Matejovsky, Ondrej"]
[Black "Pycha, Patrik"]
[Result "1/2-1/2"]
[WhiteElo "2030"]
[BlackElo "1770"]

1. d4 Nf6 2. Nf3 e6 3. Bg5 c5 4. e3 d5 5. Bb5+ Bd7 6. Bxd7+ Nbxd7 7. O-O Be7
8. c3 h6 9. Bh4 g5 10. Bg3 Ne4 11. Ne5 h5 12. Nxd7 Qxd7 13. Qc2 Nxg3 14. fxg3 f5
15. Nd2 g4 16. Qd3 c4 17. Qe2 b5 18. b3 Qc7 19. bxc4 bxc4 20. Rab1 Kd7 21. Qd1
Rhb8 1/2-1/2

[Event "Open Ricany 2011"]
[Site "http://www.openricany.cz"]
[Date "2011.08.26"]
[Round "8.43"]
[White "Eisner Oldrich"]
[Black "Kaiser Rudolf"]
[Result "1/2-1/2"]
[WhiteElo "1822"]
[BlackElo "1949"]

1. d4 e6 2. c4 f5 3. g3 Nf6 4. Bg2 Be7 5. Nh3 O-O 6. Nc3 d6 7. O-O Qe8 8. e4
fxe4 9. Nf4 e5 10. dxe5 dxe5 11. Nfd5 Bd8 12. Nxf6+ Bxf6 13. Nxe4 Nc6 14. Be3
Be6 15. Nxf6+ Rxf6 16. Qa4 Bd7 17. Qb3 Rb8 18. Rad1 b6 19. Qc3 Bg4 20. Rd2 e4
21. h3 Bf3 22. Bxf3 exf3 23. Rfd1 Qe6 24. Kh2 {Dale necitelne} 1/2-1/2

[Event "Open Ricany 2011"]
[Site "http://www.openricany.cz"]
[Date "2011.08.26"]
[Round "8.20"]
[White "Ambroz, Antonin"]
[Black "Grecny, Karol"]
[Result "1/2-1/2"]
[WhiteElo "2054"]
[BlackElo "1975"]

1. e4 e6 2. d4 d5 3. exd5 exd5 4. Nf3 Nf6 5. Bg5 Bd6 6. Bd3 O-O 7. O-O Bg4
8. Nbd2 Nbd7 9. c3 c6 10. Qc2 Qc7 11. Rae1 Rae8 12. Bf5 1/2-1/2

[Event "Open Ricany 2011"]
[Site "http://www.openricany.cz"]
[Date "2011.08.26"]
[Round "8.13"]
[White "Holub, Milan"]
[Black "Kohout, Vratislav"]
[Result "1/2-1/2"]
[WhiteElo "2061"]
[BlackElo "2153"]

1. d4 d5 2. Nf3 Nf6 3. Bf4 c5 4. e3 Nc6 5. Nbd2 Qb6 6. Rb1 Bf5 7. dxc5 Qxc5
8. Bd3 Bxd3 9. cxd3 e6 10. O-O Be7 11. Qc1 Qxc1 12. Rfxc1 O-O 13. a3 a5 14. Rc2
Rfd8 15. Ne5 Nxe5 16. Bxe5 1/2-1/2

[Event "Open Ricany 2011"]
[Site "http://www.openricany.cz"]
[Date "2011.08.26"]
[Round "8.26"]
[White "Martinec, Karel"]
[Black "Skala, Jaromir"]
[Result "1/2-1/2"]
[WhiteElo "1971"]
[BlackElo "2020"]

1. Nf3 g6 2. g3 Bg7 3. Bg2 Nf6 4. O-O d6 5. d4 O-O 6. c4 c5 7. d5 e5 8. Nc3 Ne8
9. e4 f5 10. exf5 gxf5 11. Bg5 Bf6 12. Qd2 e4 13. Bxf6 Qxf6 14. Nh4 Nd7 15. f3
1/2-1/2

[Event "Open Ricany 2011"]
[Site "http://www.openricany.cz"]
[Date "2011.08.26"]
[Round "8.45"]
[White "Suchy, Ladislav"]
[Black "Hanl, Frantisek"]
[Result "1-0"]
[WhiteElo "1870"]
[BlackElo "1849"]

1. g4 d5 2. Bg2 Bxg4 3. c4 c6 4. Qb3 Qc7 5. cxd5 cxd5 6. Nc3 Nf6 7. Nxd5 Nxd5
8. Bxd5 Nd7 9. Bxf7+ Kd8 10. d4 Rc8 11. f3 Bf5 12. e4 Bg6 13. Be6 Qa5+ 14. Bd2
Qh5 15. Ne2 Rc6 16. Ng3 Qh4 17. d5 Nc5 18. Qb5 a6 19. Ba5+ Ke8 20. Qc4 b5
21. dxc6 bxc4 22. c7 Nd3+ 23. Kd2 Qf4+ 24. Kc2 Ne1+ 1-0

[Event "Open Ricany 2011"]
[Site "http://www.openricany.cz"]
[Date "2011.08.26"]
[Round "8.49"]
[White "Plicka, Petr"]
[Black "Jirousek, Filip"]
[Result "1-0"]
[WhiteElo "1864"]
[BlackElo "1849"]

1. d4 Nf6 2. Nf3 g6 3. c4 Bg7 4. g3 O-O 5. Bg2 d6 6. Nc3 Nbd7 7. O-O e5 8. e4
exd4 9. Nxd4 Ne5 10. Qe2 Bd7 11. Rd1 Re8 12. f3 Nc6 13. Be3 a6 14. a3 Rb8 15. b4
b5 16. Rac1 Nxd4 17. Bxd4 Be6 18. cxb5 Nxe4 19. fxe4 Bb3 20. Rd2 1-0

[Event "Open Ricany 2011"]
[Site "http://www.openricany.cz"]
[Date "2011.08.26"]
[Round "8.52"]
[White "Soltys, Roman"]
[Black "Havlicek, Pavel"]
[Result "1-0"]
[WhiteElo "1825"]
[BlackElo "1735"]

1. d4 c5 2. d5 e5 3. e4 d6 4. a4 Bd7 5. Nc3 a6 6. Nf3 h6 7. Be3 Nf6 8. Be2 Be7
9. O-O Ng4 10. Bd2 Bc8 11. h3 Nf6 12. Be3 Nbd7 13. Nd2 O-O 14. Nc4 Nh7 15. f4 f6
16. f5 Kh8 17. Bh5 Nb6 18. Nd2 Bd7 19. Qg4 Ng5 20. h4 Nf7 21. Rf3 Be8 22. Bg6
Rg8 23. Qh5 1-0

[Event "Open Ricany 2011"]
[Site "http://www.openricany.cz"]
[Date "2011.08.26"]
[Round "8.30"]
[White "Kubik, Jaroslav"]
[Black "Filip, Vojtech"]
[Result "1/2-1/2"]
[WhiteElo "1987"]
[BlackElo "1784"]

1. c4 e5 2. Nc3 g6 3. Nf3 Bg7 4. d4 exd4 5. Nxd4 Ne7 6. e4 Nbc6 7. Be3 O-O
8. Be2 d6 9. O-O f5 10. exf5 Nxf5 11. Nxf5 Bxf5 12. Qd5+ Kh8 13. a3 Qd7 14. Rad1
Ne7 15. Qd2 b6 16. Rfe1 Be6 17. Bd4 Nf5 18. Bxg7+ Nxg7 19. Nb5 a6 20. Nd4 Qf7
21. Bf3 Rae8 22. Bc6 Re7 23. Nxe6 Rxe6 24. Bd5 Rxe1+ 25. Rxe1 Qd7 26. Qd4 Re8
27. Rxe8+ Qxe8 1/2-1/2

[Event "Open Ricany 2011"]
[Site "http://www.openricany.cz"]
[Date "2011.08.26"]
[Round "8.46"]
[White "Pychova, Nela"]
[Black "Hampel, Rudolf"]
[Result "1/2-1/2"]
[WhiteElo "1640"]
[BlackElo "1837"]

1. e4 c5 2. Nf3 e6 3. d4 cxd4 4. Nxd4 Nf6 5. Bd3 Nc6 6. Nxc6 bxc6 7. O-O e5
8. Re1 Be7 9. c4 O-O 10. Nc3 d6 11. b3 Bb7 12. Bb2 Qc7 13. Rc1 Rad8 14. Qe2 Qb8
15. h3 Rfe8 16. Qc2 Nd7 17. Ba3 Nf8 18. Rcd1 Ne6 19. Ne2 Rc8 20. Qd2 Bg5 21. Qb2
Bf6 22. Bc2 Rcd8 23. Qc1 Qc7 24. Bb2 Bg5 25. Qa1 Qe7 26. Ba3 c5 1/2-1/2

[Event "Open Ricany 2011"]
[Site "http://www.openricany.cz"]
[Date "2011.08.26"]
[Round "8.6"]
[White "Haman, Jakub"]
[Black "Vesecký, Martin"]
[Result "1-0"]
[WhiteElo "2146"]
[BlackElo "2083"]

1. e4 c5 2. f4 Nf6 3. Nc3 d5 4. exd5 Nxd5 5. d3 e6 6. g3 Be7 7. Bg2 O-O 8. Nf3
Nc6 9. O-O b6 10. Bd2 Bb7 11. a3 Nd4 12. Ne4 Qc7 13. c3 Nf5 14. Qe2 Rad8 15. Ne5
Nd6 16. Rae1 Nf6 17. Ng5 Bxg2 18. Qxg2 Nf5 19. g4 Nh4 20. Qh3 Ng6 21. Nexf7 Rxf7
22. Nxf7 Kxf7 23. g5 Nd5 24. Qxe6+ Kf8 25. c4 Nb4 26. axb4 Rxd3 27. Qf5+ 1-0

[Event "Open Ricany 2011"]
[Site "http://www.openricany.cz"]
[Date "2011.08.26"]
[Round "8.9"]
[White "Postupa, Pavel"]
[Black "Balacek, Tadeas"]
[Result "1/2-1/2"]
[WhiteElo "2124"]
[BlackElo "2251"]

1. e4 e6 2. d4 d5 3. e5 c5 4. c3 Qb6 5. Nf3 Nc6 6. Be2 cxd4 7. cxd4 Nh6 8. Nc3
Nf5 9. Na4 Qa5+ 10. Bd2 Bb4 11. Bc3 b5 12. a3 Bxc3+ 13. Nxc3 b4 14. axb4 Qxb4
15. Bb5 Bd7 16. Bxc6 Bxc6 17. Qd2 O-O 18. O-O Rfb8 19. Rfb1 Bb5 20. b3 Be8
21. g4 Ne7 22. Qe3 Rb7 23. Ne2 Rc8 24. Ne1 Bb5 25. Nd3 Bxd3 26. Qxd3 Nc6 1/2-1/2

[Event "Open Ricany 2011"]
[Site "http://www.openricany.cz"]
[Date "2011.08.26"]
[Round "8.21"]
[White "Vorackova, Jarmila"]
[Black "Horak, Vladimir"]
[Result "1-0"]
[WhiteElo "1925"]
[BlackElo "2043"]

1. d4 f5 2. Bg5 Nf6 3. c4 Ne4 4. h4 c5 5. d5 Qa5+ 6. Bd2 Nxd2 7. Qxd2 Qxd2+
8. Nxd2 g6 9. e3 Bg7 10. Rb1 a5 11. Bd3 d6 12. Ne2 Nd7 13. h5 Ne5 14. Bc2 Bd7
15. hxg6 hxg6 16. Rxh8+ Bxh8 17. Nc3 O-O-O 18. a3 Rf8 19. Na4 Kc7 20. Nc3 Bg7
21. Ke2 f4 22. e4 f3+ 23. gxf3 Nxf3 24. Nxf3 Bg4 25. Rg1 Bxf3+ 26. Ke1 Bh5
27. Bd3 Rf4 28. Nb5+ Kd7 29. b3 Be5 30. a4 Rh4 31. Kd2 Bf4+ 32. Ke1 g5 33. Bc2
Rh3 34. e5 dxe5 35. Bf5+ 1-0

[Event "Open Ricany 2011"]
[Site "http://www.openricany.cz"]
[Date "2011.08.26"]
[Round "8.3"]
[White "Svoboda, Vaclav"]
[Black "Vesselovsky, Serguei"]
[Result "0-1"]
[WhiteElo "2286"]
[BlackElo "2379"]

1. e4 c5 2. Nf3 g6 3. c3 Bg7 4. d4 cxd4 5. cxd4 d5 6. exd5 Nf6 7. Bb5+ Nbd7
8. d6 exd6 9. Qe2+ Qe7 10. Qxe7+ Kxe7 11. O-O Nf8 0-1

[Event "Open Ricany 2011"]
[Site "http://www.openricany.cz"]
[Date "2011.08.26"]
[Round "8.11"]
[White "Haba, Zdenek"]
[Black "Koper, Stefan"]
[Result "1-0"]
[WhiteElo "2207"]
[BlackElo "2031"]

1. d4 g6 2. c4 Nf6 3. Nc3 d5 4. cxd5 Nxd5 5. e4 Nxc3 6. bxc3 Bg7 7. Nf3 O-O
8. Be3 c5 9. Qd2 cxd4 10. cxd4 b6 11. Rc1 Bb7 12. d5 Nd7 13. Bd3 Ne5 14. Nxe5
Bxe5 15. f4 Bg7 16. Bc4 Qd7 17. O-O b5 18. Bb3 a5 19. a3 Rfc8 20. e5 Bf8 21. h3
Rc4 22. Bxc4 bxc4 23. Rfd1 e6 24. d6 Bd5 25. Rb1 f6 26. Rb6 fxe5 27. fxe5 Bg7
28. Bd4 Qd8 29. Rdb1 h5 30. Qb2 Bf8 31. Rb8 Rxb8 32. Qxb8 Qg5 33. Qb2 c3
34. Bxc3 Bxg2 35. Qxg2 1-0

[Event "Open Ricany 2011"]
[Site "http://www.openricany.cz"]
[Date "2011.08.26"]
[Round "8.39"]
[White "Koller, Martin"]
[Black "Tvrdy, Jindrich"]
[Result "0-1"]
[WhiteElo "1758"]
[BlackElo "1920"]

1. d4 Nf6 2. c4 d6 3. Nc3 e5 4. Nf3 Nbd7 5. e4 Be7 6. Be2 c6 7. O-O Qc7 8. Bg5
Nf8 9. c5 dxc5 10. dxe5 Ng4 11. Bf4 Ng6 12. Bg3 N4xe5 13. Nxe5 Nxe5 14. f4 Ng6
15. e5 Bf5 16. Bg4 Rd8 17. Qf3 Qc8 18. Bh5 Nf8 19. Ne4 Rd4 20. Rae1 Rxe4
21. Rxe4 g6 22. Ree1 gxh5 23. e6 fxe6 24. Qxh5+ Ng6 25. Bf2 Kd8 26. g4 Bd3
27. Rd1 c4 28. b3 Nxf4 29. Qe5 Rf8 30. bxc4 Nh3+ 31. Kg2 Nf4+ 32. Kh1 Qc7
33. Qd4+ Qd6 34. Qxa7 Be4+ 0-1

[Event "Open Ricany 2011"]
[Site "http://www.openricany.cz"]
[Date "2011.08.26"]
[Round "8.36"]
[White "Hajek, Jiri"]
[Black "Jonas, Vaclav"]
[Result "1-0"]
[WhiteElo "1847"]
[BlackElo "1963"]

1. e4 c5 2. Nf3 Nc6 3. Bb5 g6 4. c3 Bg7 5. d4 cxd4 6. cxd4 Nf6 7. Nc3 d5 8. e5
Ne4 9. Qa4 Nxc3 10. Bxc6+ bxc6 11. Qxc6+ Bd7 12. Qxc3 Bb5 13. a4 Rc8 14. Qe3
Qa5+ 15. Bd2 Qa6 16. b3 O-O 17. Rc1 Rxc1+ 18. Bxc1 Bd3 19. Kd2 Bf1 20. Ne1 Bh6
21. f4 f6 22. g3 fxe5 23. Qxe5 Bg7 24. Qxd5+ e6 25. Qf3 Bh3 26. g4 Qd6 27. Qxh3
Qxd4+ 28. Nd3 Rxf4 29. Qe3 Qf6 30. Qxf4 1-0